Central Library OPAC University of Rajshahi

The secret history of al-Qa'ida / (Record no. 32413)

MARC details
000 -LEADER
fixed length control field 00972cam a2200301 a 4500
001 - CONTROL NUMBER
control field 32413
003 - CONTROL NUMBER IDENTIFIER
rucl marc code BD-RjUL
005 - DATE AND TIME OF LATEST TRANSACTION
control field 20211209051831.0
008 - FIXED-LENGTH DATA ELEMENTS--GENERAL INFORMATION
fixed length control field 140426t2009 ii b 001 0deng d
020 ## - INTERNATIONAL STANDARD BOOK NUMBER
International Standard Book Number 108130911167
International Standard Book Number 139788130911168
035 ## - SYSTEM CONTROL NUMBER
System control number (BD-RjUL)32502
040 ## - CATALOGING SOURCE
Original cataloging agency UKM
Language of cataloging eng
Transcribing agency UKM
Modifying agency BWKUK
-- DLC
-- BD-RjUL
041 ## - LANGUAGE CODE
Language code of text/sound track or separate title eng
082 04 - DEWEY DECIMAL CLASSIFICATION NUMBER
Classification number 297.092
Edition number 22
Author mark and year ATS 2009
100 1# - MAIN ENTRY--PERSONAL NAME
Personal name Atwan, Abdel Bari.
9 (RLIN) 98614
245 14 - TITLE STATEMENT
Title The secret history of al-Qa'ida /
Statement of responsibility, etc. Abdel Bari Atwan.
260 ## - PUBLICATION, DISTRIBUTION, ETC. (IMPRINT)
Place of publication, distribution, etc. Delhi :
Name of publisher, distributor, etc. VIva Books,
Date of publication, distribution, etc. 2009.
300 ## - PHYSICAL DESCRIPTION
Pagination 256 p. ;
Size 22 cm.
500 ## - GENERAL NOTE
General note Formerly CIP.
504 ## - BIBLIOGRAPHY, ETC. NOTE
Bibliography, etc Includes bibliographical references and index.
600 10 - SUBJECT ADDED ENTRY--PERSONAL NAME
Personal name Bin Laden, Osama,
Dates associated with a name 1957-2011.
610 20 - SUBJECT ADDED ENTRY--CORPORATE NAME
Corporate name or jurisdiction name as entry element Qaida (Organization)
650 #0 - SUBJECT ADDED ENTRY--TOPICAL TERM
Topical term or geographic name as entry element Terrorism
General subdivision Religious aspects
-- Islam.
9 (RLIN) 98617
856 41 - ELECTRONIC LOCATION AND ACCESS
Materials specified Table of contents
Uniform Resource Identifier <a href="http://www.loc.gov/catdir/toc/fy0607/2006386836.html">http://www.loc.gov/catdir/toc/fy0607/2006386836.html</a>
942 ## - ADDED ENTRY ELEMENTS (KOHA)
Source of classification or shelving scheme Dewey Decimal Classification
Koha item type Books
Holdings
Lost status Source of classification or shelving scheme Damaged status Not for loan Collection code Permanent Location Current Location Shelving location Date acquired Source of acquisition Cost, normal purchase price Total Checkouts Full call number Date last seen Copy number Koha item type
  Dewey Decimal Classification     Non-fiction Central Library, University of Rajshahi Central Library, University of Rajshahi   24/10/2010 Dhaka paragon enterprise 495.00   297.092 ATS 2009 26/04/2014 C-3 Books
  Dewey Decimal Classification     Non-fiction Central Library, University of Rajshahi Central Library, University of Rajshahi   24/10/2010 Dhaka, Paragon Enterprises Ltd 495.00   297.092 ATS 2009 27/07/2016 C-2 Books
  Dewey Decimal Classification     Non-fiction Central Library, University of Rajshahi Central Library, University of Rajshahi   24/10/2010 Dhaka, Paragon Enterprises Ltd 495.00   297.092 ATS 2009 05/12/2016 C-4 Books